header

Financial accounting and general topics (Record no. 88924)

MARC details
000 -LEADER
fixed length control field 01349nam a2200337 a 4500
100 1# - MAIN ENTRY--AUTHOR NAME
Personal name Graham, Lynford.
245 10 - TITLE STATEMENT
Title Financial accounting and general topics
250 ## - EDITION STATEMENT
Edition statement 12th ed.
260 ## - PUBLICATION, DISTRIBUTION, ETC. (IMPRINT)
Place of publication Hoboken, N.J. :
Name of publisher John Wiley & Sons,
Year of publication c2012.
300 ## - PHYSICAL DESCRIPTION
Number of Pages xx, 21-31, 50 p. :
Other physical details ill.
490 0# - SERIES STATEMENT
Series statement Accountants' handbook ;
500 ## - GENERAL NOTE
General note "Published simultaneously in Canada."
650 #0 - SUBJECT ADDED ENTRY--TOPICAL TERM
Topical Term Accounting
Topical Term Accounting
700 1# - ADDED ENTRY--PERSONAL NAME
Personal name Carmichael, D. R.
856 40 - ELECTRONIC LOCATION AND ACCESS
Uniform Resource Identifier http://site.ebrary.com/lib/rucke/Doc?id=10559395

No items available.

© 2026 Rongo University
Contact us: librarian | system librarian | Rongo university